|
|
|
|
| LEADER |
02029nam a2200325 a 4500 |
| 001 |
1195595 |
| 008 |
091122s1996 bg ab b 100 0 eng d |
| 010 |
|
|
|a 97913795
|
| 020 |
|
|
|a 9840513648
|
| 040 |
|
|
|a DLC
|c DLC
|
| 082 |
0 |
0 |
|a 363/.095492
|2 21
|
| 245 |
0 |
0 |
|a Bangladesh, rural infrastructure strategy study /
|c prepared by SA1 Infrastructure Division of the World Bank in association with Local Government Engineering Department, Ministry of Local Government Rural Development & Cooperatives, and Rural Infrastructure Development Wing of the Planning Commission, Bangladesh.
|
| 246 |
3 |
0 |
|a Rural infrastructure strategy study
|
| 260 |
|
|
|a Dhaka :
|b Published for the World Bank by University Press,
|c 1996.
|
| 300 |
|
|
|a xxiii, 111 p. :
|b ill., maps ;
|c 25 cm.
|
| 520 |
|
|
|a Report of seminars held in Dhaka during 1994 & 1996.
|
| 504 |
|
|
|a Includes bibliographical references (p. [109]-111).
|
| 541 |
1 |
|
|e 00005984
|
| 650 |
|
0 |
|a Infrastructure (Economics)
|z Bangladesh.
|
| 650 |
|
0 |
|a Rural development
|z Bangladesh.
|
| 651 |
|
0 |
|a Bangladesh
|x Politics and government.
|
| 710 |
2 |
|
|a World Bank.
|b SA1 Infrastrucutre Division.
|
| 710 |
1 |
|
|a Bangladesh.
|b Local Government Engineering Dept.
|
| 710 |
1 |
|
|a Bangladesh.
|b Parikalpanā Kamiṣana.
|b Rural Infrastructure Development Wing.
|
| 852 |
4 |
|
|a Ayesha Abed Library
|j General Shelf
|
| 999 |
|
|
|c 5871
|d 5871
|
| 952 |
|
|
|0 0
|1 0
|2 ddc
|4 0
|6 363_095492000000000_BAN_1996
|7 0
|9 5855
|a BRACUL
|b BRACUL
|c GEN
|d 2009-12-06
|g 288.00
|l 0
|o 363.095492 BAN
|p 3010005984
|r 2009-12-06
|t 1
|v 576.00
|w 2009-12-06
|y BK
|
| 952 |
|
|
|0 0
|1 0
|2 ddc
|4 0
|6 363_095492000000000_BAN_1996
|7 0
|9 5856
|a BRACUL
|b BRACUL
|c GEN
|d 2009-12-06
|g 360.00
|l 0
|o 363.095492 BAN
|p 3010005983
|r 2009-12-06
|t 2
|v 720.00
|w 2009-12-06
|y BK
|
| 952 |
|
|
|0 0
|1 0
|2 ddc
|4 0
|6 363_000000000000000__095492_BAN
|7 0
|9 24247
|a SCL
|b SCL
|c GEN
|d 1998-11-14
|g 360.00
|l 0
|o 363.095492 BAN
|p 3020000566
|r 2014-04-28
|t 3
|w 2014-04-28
|y BK
|
| 952 |
|
|
|0 0
|1 0
|2 ddc
|4 0
|6 363_095492000000000_BAN
|7 0
|9 43678
|a IGS
|b IGS
|c GEN
|d 2007-11-28
|g 360.00
|l 0
|o 363.095492 BAN
|p 3010016705
|r 2014-09-04
|w 2014-09-04
|y BK
|